Japanese industry in the American south

Gardado en:
Detalles Bibliográficos
Autor Principal: Kim, Choong Soon
Formato: Libro
Idioma:Undetermined
Publicado: New York 1995
Những chủ đề:
Các nhãn: Engadir etiqueta
Sen Etiquetas, Sexa o primeiro en etiquetar este rexistro!
Thư viện lưu trữ: Trung tâm Học liệu Trường Đại học Cần Thơ
LEADER 00486nam a2200169Ia 4500
001 CTU_97442
008 210402s9999 xx 000 0 und d
082 |a 338.88 
082 |b K49 
100 |a Kim, Choong Soon 
245 0 |a Japanese industry in the American south 
245 0 |c Choong Soon Kim 
260 |a New York 
260 |c 1995 
650 |a Automobile supplies industry,Electronic industrie 
904 |i Tuyến 
980 |a Trung tâm Học liệu Trường Đại học Cần Thơ